| 000 | 00278 a2200085 4500 | ||
|---|---|---|---|
| 100 | 1 |
_aSkurin, G.P.. _eAutor |
|
| 245 | 0 |
_aSpravocnik po elektro- i elektronno-izmeritel'nym priboram / _cSkurin G.P.. |
|
| 710 | 2 |
_aVoenizdat. _eWydawca _4pbl |
|
| 260 |
_aMoskva : _bVoenizdat, _c1972. |
||
| 300 |
_a448 s.; _c24 cm. |
||
| 999 |
_c3936 _d3936 |
||